|
|
|
|
| LEADER |
01422cam a2200361 a 4500 |
| 001 |
c000388146 |
| 003 |
CARM |
| 005 |
20111111115601.0 |
| 008 |
111111s2001 xnaa b f000 0 eng d |
| 019 |
1 |
|
|a 23166197
|5 LACONCORD2021
|
| 020 |
|
|
|a 0642709866 (pbk.)
|
| 035 |
|
|
|a (OCoLC)48404662
|5 LACONCORD2021
|
| 040 |
|
|
|a QU
|b eng
|c VCAV
|
| 042 |
|
|
|a anuc
|
| 043 |
|
|
|a u-at---
|
| 082 |
0 |
4 |
|a 363.1791
|2 21
|
| 245 |
0 |
0 |
|a Hydrofluoric acid (HF) /
|c NICNAS National Industrial Chemicals Notification and Assessment Scheme.
|
| 260 |
|
|
|a Camperdown, N.S.W. :
|b NICNAS,
|c 2001.
|
| 300 |
|
|
|a xvi, 199 p. ;
|c 30 cm.
|
| 490 |
0 |
|
|a Priority existing chemical assessment report ;
|v no. 19.
|
| 500 |
|
|
|a "June 2001"
|
| 504 |
|
|
|a Includes bibliographical references (p. 188-197)
|
| 530 |
|
|
|a Also available electronically via the Internet.
|
| 540 |
|
|
|a Commonwealth of Australia 2001.
|
| 650 |
|
0 |
|a Hydrofluoric acid
|x Safety measures.
|
| 650 |
|
0 |
|a Hydrofluoric Acid
|x Toxicity.
|
| 650 |
|
0 |
|a Hydrogen fluoride
|x Safety measures.
|
| 650 |
|
0 |
|a Hydrogen fluoride
|x Toxicology.
|
| 710 |
2 |
|
|a National Industrial Chemicals Notification and Assessment Scheme.
|
| 852 |
8 |
|
|b CARM
|p 0577638
|f BK
|
| 856 |
4 |
1 |
|u http://www.nicnas.gov.au/publications/CAR/PEC/PEC19/PEC19index.htm
|
| 999 |
f |
f |
|i aa31be39-f275-53d6-8a5e-d670873c9503
|s d52c34c5-8a2d-56fa-af28-5e80a3527bc3
|
| 952 |
f |
f |
|p Can circulate
|a CAVAL
|b CAVAL
|c CAVAL
|d CARM 1 Store
|i book
|m 0577638
|